Pays qui ont participé à la CAN - Statistiques

Statistiques générales
  • Ce quiz a été pris 162 fois
  • Le résultat moyen est 36 sur 44
Statistiques - réponses
Pays Meilleur score % Correct
26 Égypte Gagnant
99%
19 Maroc Gagnant
99%
11 Afrique du Sud Gagnant
98%
20 Algérie Gagnant
98%
25 Côte d'Ivoire Gagnant
96%
21 Tunisie Gagnant
95%
20 République Démocratique du Congo Gagnant
94%
17 Sénégal Gagnant
94%
2 Niger Phase de groupe
93%
21 Cameroun Gagnant
92%
20 Nigeria Gagnant
91%
7 République du Congo Gagnant
91%
24 Ghana Gagnant
90%
14 Guinée 2° place (poule finale)
88%
13 Mali Finaliste
88%
18 Zambie Gagnant
86%
3 Mauritanie 1/8 de finale
85%
1 Madagascar 1/4 de finale
84%
9 Soudan Gagnant
84%
5 Zimbabwe Phase de groupe
84%
11 Éthiopie Gagnant
82%
3 Libye Finaliste
82%
8 Togo 1/4 de finale
81%
4 Cap-Vert 1/4 de finale
80%
9 Angola 1/4 de finale
79%
4 Namibie 1/8 de finale
79%
4 Guinée équatoriale Demi-finales
78%
6 Kenya Phase de groupe
78%
13 Burkina Faso Finaliste
76%
8 Gabon 1/4 de finale
76%
5 Mozambique Phase de groupe
76%
4 Guinée-Bissau Phase de groupe
75%
1 Comores 1/8 de finale
73%
7 Ouganda Finaliste
73%
3 Tanzanie Phase de groupe
73%
4 Bénin Phase de groupe
72%
2 Gambie 1/4 de finale
71%
2 Liberia Phase de groupe
68%
1 Rwanda Phase de groupe
66%
3 Sierra Leone Phase de groupe
65%
3 Malawi 1/8 de finale
64%
1 Botswana Phase de groupe
61%
1 Burundi Phase de groupe
61%
1 Maurice Phase de groupe
57%
Aucun quiz correspondant
Distribution des résultats
% des personnes avec chaque résultat
Percentile par nombre de réponses
Votre historique - résultats
Vous n’avez pas pris ce quiz